|
|
|
|
| LEADER |
00000nam a22000005a 4500 |
| 001 |
20104 |
| 003 |
CL-ChBUA |
| 005 |
20120815103740.0 |
| 008 |
070301s1944 ag 000 0 spa |
| 040 |
|
|
|a CL-ChBUA
|c CL-ChBUA
|
| 082 |
0 |
0 |
|a 909
|
| 090 |
|
|
|c 20104
|d 20104
|
| 100 |
1 |
|
|a Hammerly Dupuy, Daniel.
|
| 245 |
1 |
0 |
|a Gestación y nacimiento de un mundo mejor :
|b las utopías frente al pasado, el presente y lo futuro
|
| 260 |
|
|
|b Kier.
|a Buenos Aires.
|c 1944.
|
| 300 |
|
|
|c 20 cm.
|
| 504 |
|
|
|a Indice.
|
| 650 |
|
4 |
|a HISTORIA.
|
| 650 |
|
4 |
|a HISTORIA UNIVERSAL.
|
| 942 |
|
|
|c LIB
|
| 952 |
|
|
|0 0
|1 0
|4 0
|7 0
|9 27450
|a UNACH
|b UNACH
|c 900
|d 2007-03-05
|i 8.720
|l 0
|o 909 / H 224g t.1 c.1
|p 28449
|r 2012-12-27 00:00:00
|u 27450
|w 2012-08-08
|y LIB
|k 909 / H 224g t.1 c.1
|
| 952 |
|
|
|0 0
|1 0
|4 0
|7 0
|9 27451
|a UNACH
|b UNACH
|c 900
|d 2007-03-05
|i 24
|l 0
|o 909 / H 224g t.1 c.2
|p 28450
|r 2012-12-27 00:00:00
|u 27451
|w 2012-08-08
|y LIB
|k 909 / H 224g t.1 c.2
|
| 952 |
|
|
|0 0
|1 0
|4 0
|7 0
|9 27452
|a UNACH
|b UNACH
|c 900
|d 2007-03-05
|i 8.721
|l 0
|o 909 / H 224g t.2 c.1
|p 28451
|r 2012-12-27 00:00:00
|u 27452
|w 2012-08-08
|y LIB
|k 909 / H 224g t.2 c.1
|
| 952 |
|
|
|0 0
|1 0
|4 0
|7 0
|9 27453
|a UNACH
|b UNACH
|c 900
|d 2007-03-05
|i 25
|l 0
|o 909 / H 224g t.2 c.2
|p 28452
|r 2012-12-27 00:00:00
|u 27453
|w 2012-08-08
|y LIB
|k 909 / H 224g t.2 c.2
|
| 952 |
|
|
|0 0
|1 0
|2 ddc
|4 0
|6 909_H_224G_T_200000000000000_C
|7 0
|9 1135752
|a UNACH
|b UNACH
|c 900
|d 2012-11-27
|i 50.346
|l 0
|o 909 / H 224g t.2 c.3
|p 71716
|r 2012-12-27 00:00:00
|w 2012-11-27
|y LIB
|
| 952 |
|
|
|0 0
|1 0
|2 ddc
|4 0
|6 909_H_224G_T_100000000000000_C
|7 0
|9 1148991
|a UNACH
|b UNACH
|c 900
|d 2015-10-22
|i 50.215
|l 0
|o 909 / H 224g t.1 c.3
|p 86858
|r 2015-10-22 00:00:00
|w 2015-10-22
|y LIB
|
| 999 |
|
|
|c 20104
|d 20104
|